| 000 | 01815nam a2200349 i 4500 | ||
|---|---|---|---|
| 003 | DO-SdBNP | ||
| 005 | 20230502095232.0 | ||
| 007 | ta | ||
| 008 | 210408b19-- dr ag||| |||| 00| 0 spa d | ||
| 040 | 4 |
_aDO-SdBNP _bspa _cBNPHU _erda |
|
| 082 | 4 |
_a780.264 _bB737c _222 |
|
| 100 | 1 | 1 |
_aBorrás, Yolanda _978337 |
| 245 | 1 | 0 |
_a!Cantemos todos juntos! : _bcanciones, rimas y bailes para niños / _cYolanda Borrás |
| 264 |
_as.l. : _bImbilingual.com, _c2018. |
||
| 300 |
_a32 páginas : _bilustraciones ; _c11 cm. |
||
| 336 |
_2rdacontent _atexto _btxt |
||
| 337 |
_2rdamedia _asin mediación _bn |
||
| 338 |
_2rdacarrier _avolumen _bnc |
||
| 500 | _aGuía de actividades para docentes | ||
| 500 | _aIncluye tabla de contenido | ||
| 505 |
_aVamos niños a cantar - Actividad -- _tVamos niños a cantar -- _tDebajo de un botó - Actividad -- _tDebajo de un botón -- _tTipi Tipi Tin - Actividades -- _tTipi Tipi Tin -- _tInstrumentos musicales -- _tNana Dominicana -- _tCoro de animales - Actividad -- _tLa finca -- _tCheki morena -- _tEste niño lindo -- _tInstrumentos musicales -- _tLevántate soldado -- _tEl sereno - Actividad -- _tEl sereno -- _tEl hijo del conde -- _tEl barquito de papel -- _tBate, bate, chocolate- Actividad -- _tBate, bate, chocolate -- _tLos pollitos -- _tCantemos todos juntos -- _tLetra de canciones _tTabla de contenido -- _tHoja de apuntes del docente -- _tSobre la autora. |
||
| 590 | _aInventariado, 2021 / SA | ||
| 650 | 4 |
_aInstrumentos musicales _913137 |
|
| 650 | 4 |
_aApreciación musical _92776 |
|
| 650 | 4 |
_aCanciones infantiles _958583 _xPartituras |
|
| 650 | 4 |
_aBailes para niños _978339 |
|
| 650 | 4 |
_aActividades creativas y trabajos en clase _98126 |
|
| 650 | 4 |
_aActividades para el aula _978817 |
|
| 650 | 4 |
_aGuía para docente - Musica _978338 |
|
| 910 | _aSaquino | ||
| 942 |
_2ddc _cLF2 |
||
| 999 |
_c49712 _d49712 |
||